1573 1424 1960 1293 1346 1851 1210 1501 1686 1439 1406 1429 1290 1999 1576 1307 1465 1988 1916 1237 1847 1991 1083 1201 1193 1842 1071 1175 1397 1601 1482 1122 1639 1372 1389 1816 1698 1292 1297 1550 1134 1089 1662 1568 1439 1032 1076 1869 1263 1270 1850 1889 1892 1328 1674 1679 1268 1014 1032 1990 1752 1393 1176 1544 1502 1091 1901 1900 1160 1981 1104 1643 1428 1303 1240 1933 1315 1821 1588 1930 1179 1442 1001 1872 1568 1996 1513 1045 1296 1402 1641 1528 1662 1447 1714 1339 1398 1973 1122 BCNSPRNW ULIB Ver.6.0+V

เปลี่ยนเป็นภาษาไทย

Change to English
 แสดงรายละเอียดบรรณานุกรม
  กลับหน้าหลัก

Brief Record : Get Marc (ISO 2709) : E-mail record : QR code < ปิดหน้าต่าง
LEADER : 00000nam 2200000uu 4500
001    13399109755
003     ULIB
008    110410s2544||||th 000 0 tha d
020    9742940932
060 04 WC100^bว562ป 2544
100 0  วิชัย โชควิวัฒน
245 10 ปริทัศน์โรคติดต่อ /^cวิชัย โชควิวัฒน
250    พิมพ์ครั้งที่ 1
260    นนทบุรี :^bโครงการสวัสดิการ สถาบันพระบรมราชชนก,^c2544
300    214 หน้า :^bภาพประกอบ ;^c26 ซม.
500    โครงการสวัสดิการวิชาการ สถาบันพระบรมราชชนกกระทรวงศึกษาธิการ
650  7 โรคติดต่อ
650  7 โรคติดต่อ, การควบคุม
710 2  สถาบันพระบรมราชชนก. ^bโครงการสวัสดิการวิชาการ
945    ^p180^l0^i015098
945    ^p180^l0^i015096
945    ^p180^l0^i015097
995    ทศพร
999 ^a ใช้งานได้ทุกระบบ
รายการนี้ยังไม่มีแท็ก
คุณยังไม่ได้ล็อกอิน คุณสามารถมีกิจกรรมร่วมกับเว็บไซต์ได้ แต่ต้องล็อกอินก่อน ::
  ล็อกอิน

รายการสื่อสารสนเทศ

ลำดับที่ ประเภท เลขเรียก/บาร์โค้ด สถานที่ สถานะ
- ไม่พบข้อมูล -

รายการใกล้เคียง
    ผู้แต่ง [วิชัย โชควิวัฒน]

    หัวเรื่อง [โรคติดต่อ]
    หัวเรื่อง [โรคติดต่อ, การควบคุม]

BibComment


ยังไม่เคยถูกคอมเมนท์

คอมเมนท์ทรัพยากรรายการนี้
  คอมเมนท์: ปริทัศน์โรคติดต่อ..


 Copyright 2026. Bcnsprnw @Library